National register of scientific and technical personnel (Indians abroad) : engineers. (Record no. 88774)
[ view plain ]
| 000 -LEADER | |
|---|---|
| fixed length control field | 00757cam a2200241 4500 |
| 001 - CONTROL NUMBER | |
| control field | sa 68019018 |
| 003 - CONTROL NUMBER IDENTIFIER | |
| control field | DLC |
| 005 - DATE AND TIME OF LATEST TRANSACTION | |
| control field | 20260227112716.0 |
| 008 - FIXED-LENGTH DATA ELEMENTS--GENERAL INFORMATION | |
| fixed length control field | 711013m19669999ii r 001 0 eng |
| 010 ## - LIBRARY OF CONGRESS CONTROL NUMBER | |
| LC control number | sa 68019018 |
| 025 ## - OVERSEAS ACQUISITION NUMBER | |
| Overseas acquisition number | PL480:I-F-E-102E |
| 040 ## - CATALOGING SOURCE | |
| Original cataloging agency | DLC |
| Transcribing agency | DLC |
| Modifying agency | DLC |
| 043 ## - GEOGRAPHIC AREA CODE | |
| Geographic area code | a-ii--- |
| 050 00 - LIBRARY OF CONGRESS CALL NUMBER | |
| Classification number | TA12 |
| Item number | .N39 |
| 245 00 - TITLE STATEMENT | |
| Title | National register of scientific and technical personnel (Indians abroad) : engineers. |
| 260 0# - PUBLICATION, DISTRIBUTION, ETC. | |
| Place of publication, distribution, etc. | New Delhi, |
| Name of publisher, distributor, etc. | Council of Scientific & Industrial Research, |
| Date of publication, distribution, etc. | 1966- |
| 300 ## - PHYSICAL DESCRIPTION | |
| Extent | v. <19-35, 46-53, 55-56> ; |
| Dimensions | 25 cm. |
| 350 ## - PRICE (NR) (BK AM CF MU VM SE) [OBSOLETE] | |
| Price | 0.75 per vol. |
| 500 ## - GENERAL NOTE | |
| General note | "Series E." |
| 500 ## - GENERAL NOTE | |
| General note | Cover title. |
| 650 #0 - SUBJECT ADDED ENTRY--TOPICAL TERM | |
| Topical term or geographic name entry element | Engineers |
| Geographic subdivision | India |
| General subdivision | Directories. |
| 710 20 - ADDED ENTRY--CORPORATE NAME | |
| Corporate name or jurisdiction name as entry element | Council of Scientific & Industrial Research (India). |
No items available.